Britannica book of the year 1970 (Record no. 3782)

MARC details
000 -LEADER
fixed length control field 00488nam a2200181Ia 4500
003 - CONTROL NUMBER IDENTIFIER
control field IN-BaIIA
008 - FIXED-LENGTH DATA ELEMENTS--GENERAL INFORMATION
fixed length control field 211028s9999 xx 000 0 eng d
020 ## - INTERNATIONAL STANDARD BOOK NUMBER
International Standard Book Number 0-85229-144-2
040 ## - CATALOGING SOURCE
Transcribing agency IIA Library
080 ## - UNIVERSAL DECIMAL CLASSIFICATION NUMBER
Universal Decimal Classification number 031
Item number EBR-YB-70
100 ## - MAIN ENTRY--PERSONAL NAME
Personal name Dell, W. R
9 (RLIN) 5341
245 #0 - TITLE STATEMENT
Title Britannica book of the year 1970
Statement of responsibility, etc. W. R. Dell
260 ## - PUBLICATION, DISTRIBUTION, ETC.
Place of publication, distribution, etc. Chicago
Name of publisher, distributor, etc. University of Chicago Press
Date of publication, distribution, etc. 1970
300 ## - PHYSICAL DESCRIPTION
Extent 832p.
650 ## - SUBJECT ADDED ENTRY--TOPICAL TERM
Topical term or geographic name entry element Britannica Year Book
9 (RLIN) 6368
650 ## - SUBJECT ADDED ENTRY--TOPICAL TERM
Topical term or geographic name entry element Encyclopedia
9 (RLIN) 1112
942 ## - ADDED ENTRY ELEMENTS (KOHA)
Koha item type Books
Holdings
Withdrawn status Lost status Damaged status Not for loan Home library Current library Shelving location Date acquired Cost, normal purchase price Total Checkouts Full call number Barcode Date last seen Cost, replacement price Price effective from Koha item type Purchase Price
        IIA Library-Bangalore IIA Library-Bangalore General Stacks 13/07/1971 53.00   031/ EBR-YB-70 4224 05/11/2021 53.00 13/07/1971 Books Rs. 53.00

Powered by Koha